000 00708cam a22002293a 4500
001 30957
003 PGUSA
005 20140828083653.0
008 100113s2010||||xxu|||||s|||||000 | eng d
040 _aPGUSA
_beng
042 _adc
050 4 _aLB
100 1 _aMcDonald, J. Daley
_q(James Daley),
_d1892-
245 1 0 _aAdequate Preparation for the Teacher of Biological Sciences in Secondary Schools
_h[electronic resource] /
_cJ. Daley McDonald
260 _bProject Gutenberg,
_c2010
506 _aPublic domain in the USA.
516 _aElectronic text
653 _aTeachers -- Training of
830 0 _aProject Gutenberg
_v30957
856 4 0 _uhttp://www.gutenberg.org/ebooks/30957
942 _cEB
999 _c260212
_d260212